000 00971nas a2200277 4500
001 BR9203999
003 BR-BrBNA
005 20231205092657.0
007 ta
008 230509b bl.|||p| |||| 00| 00por d
040 _aBR-BrBNA
_bpor
_cBiblioteca Nacional de Agricultura
041 _a(En)
072 _aL73
100 1 _aPagnocca, F.C.
100 1 _aHagler, L.C.M.
100 1 _aHagler, A.N.
245 1 _aHeterotrophic bacteria associated with the shrimp, Penaeus schmitti, sediment and water of Sepetiba bay, Rio de Janeiro, Brazil
246 1 _aHeterotrophic bacteria associated with the shrimp, Penaeus schmitti, sediment and water of Sepetiba bay, Rio de Janeiro, Brazil
650 _aCAMARAO
650 _aBACTERIA
650 _aAGUA
650 _aRIO DE JANEIRO
773 0 _tRevista de Microbiologia (Brazil)
_xISSN 0001-3714
_g(Jul-Sep 1991), v. 22(3) p. 247-252
_wBR9203999
909 _a202311
_bLúcia
_c55
_dLúcia Elande
942 _2AGRIS
_n0
_cANA
999 _c133342
_d133342